Internet of things applications - From research and innovation to market deployment (Record no. 4686)
[ view plain ]
| 000 -LEADER | |
|---|---|
| fixed length control field | 00798nam a22002537a 4500 |
| 003 - CONTROL NUMBER IDENTIFIER | |
| control field | OSt |
| 005 - DATE AND TIME OF LATEST TRANSACTION | |
| control field | 20220107122800.0 |
| 008 - FIXED-LENGTH DATA ELEMENTS--GENERAL INFORMATION | |
| fixed length control field | 150429b xxu||||| |||| 00| 0 eng d |
| 020 ## - INTERNATIONAL STANDARD BOOK NUMBER | |
| International Standard Book Number | 9788793102941 |
| 040 ## - CATALOGING SOURCE | |
| Transcribing agency | IIITMK |
| 082 ## - DEWEY DECIMAL CLASSIFICATION NUMBER | |
| Classification number | 004.678 VER/I |
| 100 ## - MAIN ENTRY--PERSONAL NAME | |
| Personal name | Vermesan Ovidiu (Ed.) |
| 9 (RLIN) | 6796 |
| 245 ## - TITLE STATEMENT | |
| Title | Internet of things applications - From research and innovation to market deployment |
| 260 ## - PUBLICATION, DISTRIBUTION, ETC. | |
| Place of publication, distribution, etc. | Denmark |
| Name of publisher, distributor, etc. | River Publishers |
| Date of publication, distribution, etc. | 2014 |
| 300 ## - PHYSICAL DESCRIPTION | |
| Extent | xvi, 355p. |
| 440 ## - SERIES STATEMENT/ADDED ENTRY--TITLE | |
| Title | River Publishers Series in Communication |
| 9 (RLIN) | 6797 |
| 650 ## - SUBJECT ADDED ENTRY--TOPICAL TERM | |
| Topical term or geographic name entry element | COMMUNICATION |
| 9 (RLIN) | 6798 |
| 650 ## - SUBJECT ADDED ENTRY--TOPICAL TERM | |
| Topical term or geographic name entry element | NETWORKING COMMUNICATION |
| 9 (RLIN) | 6799 |
| 650 ## - SUBJECT ADDED ENTRY--TOPICAL TERM | |
| Topical term or geographic name entry element | COMMUNICATION TECHNOLOGY |
| 9 (RLIN) | 6800 |
| 650 ## - SUBJECT ADDED ENTRY--TOPICAL TERM | |
| Topical term or geographic name entry element | NETWORKING TECHNOLOGY |
| 9 (RLIN) | 6801 |
| 650 ## - SUBJECT ADDED ENTRY--TOPICAL TERM | |
| Topical term or geographic name entry element | MARKET DEPLOYMENT |
| 9 (RLIN) | 6802 |
| 700 ## - ADDED ENTRY--PERSONAL NAME | |
| Personal name | Friess, Peter (Ed.) |
| 9 (RLIN) | 6803 |
| 942 ## - ADDED ENTRY ELEMENTS (KOHA) | |
| Source of classification or shelving scheme | Dewey Decimal Classification |
| Koha item type | Books |
| Withdrawn status | Lost status | Source of classification or shelving scheme | Damaged status | Not for loan | Collection code | Home library | Current library | Shelving location | Date acquired | Cost, normal purchase price | Total Checkouts | Full call number | Barcode | Date last seen | Date last checked out | Price effective from | Koha item type |
|---|---|---|---|---|---|---|---|---|---|---|---|---|---|---|---|---|---|
| Dewey Decimal Classification | Computer Network / Data Communication | Kerala University of Digital Sciences, Innovation and Technology Knowledge Centre | Kerala University of Digital Sciences, Innovation and Technology Knowledge Centre | Computer Science | 29/04/2015 | 5540.00 | 2 | 004.678 VER/I | 4103 | 03/12/2020 | 22/12/2015 | 29/04/2015 | Books |